Identification of RRII 400 series clones of Hevea in the early growth phase: A manual (Record no. 44250)

MARC details
000 -LEADER
fixed length control field 00487nam a2200169Ia 4500
020 ## - INTERNATIONAL STANDARD BOOK NUMBER
ISBN 8187439181
082 ## - DEWEY DECIMAL CLASSIFICATION NUMBER
Classification number NR:633.912.11
Item number THO
100 ## - MAIN ENTRY--AUTHOR NAME
Personal name THOMAS, Vinoth
245 #0 - TITLE STATEMENT
Title Identification of RRII 400 series clones of Hevea in the early growth phase: A manual
260 ## - PUBLICATION, DISTRIBUTION, ETC. (IMPRINT)
Place of publication Kottayam
Name of publisher Rubber Research Institute of India
Year of publication 2006
300 ## - PHYSICAL DESCRIPTION
Number of Pages 51p.
650 ## - SUBJECT ADDED ENTRY--TOPICAL TERM
Topical Term Clone identification
650 ## - SUBJECT ADDED ENTRY--TOPICAL TERM
Topical Term RRII 400 series
700 ## - ADDED ENTRY--PERSONAL NAME
Personal name Gireesh
700 ## - ADDED ENTRY--PERSONAL NAME
Personal name Meenakumari, Thomas
942 ## - ADDED ENTRY ELEMENTS (KOHA)
Koha item type Reference
Holdings
Withdrawn status Lost status Damaged status Not for loan Home library Current library Date acquired Source of acquisition Full call number Accession Number Koha item type
        RRII Library RRII Library 16/12/2021 Gift NR:633.912.11 THO G00997 Books